Statistics for Who was U.S. President when _____ #2

Click here to take the quiz!

General Stats

  • This quiz has been taken 17 times
  • The average score is 9 of 20

Answer Stats

HintAnswer% Correct
The Wright Brothers take their first flight on the Wright FlyerTheodore Roosevelt
81%
The Wall Street Crash signals the beginning of The Great DepressionHerbert Hoover
75%
'The Computer' wins Time magazine's Person of the YearRonald Reagan
69%
Boris Yeltsin becomes the 1st President of the Russian FederationGeorge H. W. Bush
63%
The City of Washington in the District of Columbia declared the capital of the USGeorge Washington
63%
Albert Einstein publishes his theory of General RelativityWoodrow Wilson
63%
Texas is formally admitted to the United States as the 28th stateJames K. Polk
56%
The White House is first used as the residence of an US presidentJohn Adams
56%
The Battle of Trafalgar is foughtThomas Jefferson
56%
Production of the Ford Model T beginsTheodore Roosevelt
50%
The Democratic Party of the United States is foundedJohn Quincy Adams
44%
The Republican Party of the United States is foundedFranklin Pierce
38%
Tutankhamun's tomb is discovered by Howard CarterWarren G. Harding
38%
Queen Victoria of the United Kingdom diesWilliam McKinley
38%
Games of the I Olympiad, the first modern Olympics is heldGrover Cleveland
31%
Beethoven's Für Elise is publishedAndrew Johnson
25%
Penicillin is discovered by Alexander FlemingCalvin Coolidge
25%
The Boy Scouts of America are foundedWilliam Howard Taft
25%
Roald Amundsen's expedition becomes the first to reach the South PoleWilliam Howard Taft
25%
Population of the United States of America reaches 100 million peopleWoodrow Wilson
25%

Score Distribution

Percentile by Number Answered

Percent of People with Each Score

Your Score History

You have not taken this quiz